000 00522nam a2200205Ia 4500
005 20250425162046.0
008 250425s9999 xx 000 0 und d
020 _a8448126793
041 _aspa
082 _a658.8
245 0 _aLAS 22 LEYES INMUTABLES DE LA MARCA: COMO CENVERTIR UN PRODUCTO O UN SERVICIO EN UNA MARCA MUNDIAL
250 _a1A ED.
260 _aEspaƱa
_bMCGRAW HILL
_c2000
260 _aMADRID
300 _a192
650 _aMARKETING
650 _aVENTAS
942 _c01
010 _a45065
999 _c221527
_d221527